Escritores y lectores. Personas y personajes. Derechos y deberes. Actas del V encuentro mesoamericano "Escritura-Cultura" y del III Coloquio Escritoras y Escritores Latinoamericanos"
Guardado en:
| Format: | Bog |
|---|---|
| Sprog: | Spanish |
| Udgivet: |
San José, Costa Rica
Promesa
2011
|
| Serier: | (Encuentros mesoamericanos ; n.4)
|
| Fag: | |
| Tags: |
Tilføj Tag
Ingen Tags, Vær først til at tagge denne postø!
|
MARC
| LEADER | 00000nam a22000007a 4500 | ||
|---|---|---|---|
| 008 | 220706b ||||| |||| 00| 0 spa d | ||
| 020 | |a 978-9968-41-206-3 | ||
| 022 | |2 cruBVZT | ||
| 090 | |a 860 E-9.1e | ||
| 245 | |a Escritores y lectores. Personas y personajes. Derechos y deberes. Actas del V encuentro mesoamericano "Escritura-Cultura" y del III Coloquio Escritoras y Escritores Latinoamericanos" |c Helena Ospina, editora | ||
| 260 | |a San José, Costa Rica |b Promesa |c 2011 | ||
| 300 | |a 523 páginas | ||
| 490 | |a (Encuentros mesoamericanos ; n.4) | ||
| 650 | 0 | |a LITERATURA LATINOAMERICANA |x CONFERENCIAS |x CONGRESOS |9 1633 | |
| 942 | |c 15 D |h 860 E-9.1e |2 z |6 860_E91E | ||
| 999 | |c 30984 |d 30984 | ||



